| 000 | 00529cam a22001571 4500 | ||
|---|---|---|---|
| 082 |
_a973.89 _bALG |
||
| 100 | 1 |
_aAlger, R. A. _950671 |
|
| 245 | 1 | 4 |
_aThe Spanish-American War, _cby R.A. Alger ... |
| 260 |
_aNew York, _aLondon, _bHarper & Bros., _c1901. |
||
| 300 |
_avi, [1] p., 3 l., 465, [1] p. _bfront. (port.) maps. _c23 cm. |
||
| 526 |
_a0 _b0 _c0 _d973_890000000000000_ALG |
||
| 650 | 0 |
_aMCE _9379 |
|
| 650 | 0 |
_aSpanish-American War, 1898. _950672 |
|
| 856 | 4 | 1 | _uhttp://hdl.loc.gov/loc.gdc/scd0001.00016828889 |
| 942 |
_2ddc _cBK |
||
| 999 |
_c553428 _d553428 |
||